000 00432nam a2200181Ia 4500
001 17528
005 20260306171524.0
008 260306s9999||||xx |||||||||||||| ||und||
041 _aESP
082 _a658.004
_bF38
100 _aFernández Aguado, Javier
_eAUT
245 0 _aPatologías en las organizaciones
260 _c2010
300 _a189 páginas :
_c
650 _aGEN
654 _aCAN
942 _cLIB
_dJUS
_fJUS
_2ddc
_n
999 _c17528
_d17528